Cash pooling – riaďte efektívne vašu hotovosť!

Proces riadenia hotovosti ako jeden z najdôležitejších v podniku. Základné prvky cash manažmentu. Predmetové členenie cash poolingu. Balance netting.

Saved in:
Bibliographic Details
Main Author: Sobeková Majková, Monika
Format: Book Chapter
Language:Slovak
Subjects:
Tags: Add Tag
No Tags, Be the first to tag this record!

MARC

LEADER 00000naa a2200000 4500
001 0126160
005 20231103072749.4
041 0 |a slo 
044 |a SK 
245 1 0 |a Cash pooling – riaďte efektívne vašu hotovosť!  |c Monika Sobeková Majková 
520 |a Proces riadenia hotovosti ako jeden z najdôležitejších v podniku. Základné prvky cash manažmentu. Predmetové členenie cash poolingu. Balance netting. 
610 2 0 |a riadenie finančné 
610 2 0 |a cash flow 
610 2 0 |a plánovanie 
610 2 0 |a likvidita 
610 2 0 |a efektívnosť 
610 2 0 |a účty 
610 2 0 |a zostatok 
100 1 |a Sobeková Majková, Monika